Deutschland zwischen Sozialismus und Imperialismus (Titelsatznr. 57049)
[ MARC ]
| 000 -Satzkennung | |
|---|---|
| Kontrollfeld mit fester Länge | 01100nam a2200325zc 4500 |
| 001 - Kontrollnummer | |
| Kontrollfeld | BV018303336 |
| 003 - Kontrollnummer Identifier | |
| Kontrollfeld | DE-604 |
| 005 - Datum und Zeit der letzten Transaktion | |
| Kontrollfeld | 20220225120748.0 |
| 007 - Feld mit fester Länge zur physischen Beschreibung - Allgemeine Information | |
| Kontrollfeld mit fester Länge | t |
| 008 - Feld mit fester Länge zur physischen Beschreibung - Allgemeine Angaben | |
| Kontrollfeld mit fester Länge | 040417s1967 |||| 00||| und d |
| 035 ## - Systemkontrollnummer | |
| System-Kontrollnummer | (OCoLC)250190020 |
| 035 ## - Systemkontrollnummer | |
| System-Kontrollnummer | (DE-599)BVBBV018303336 |
| 040 ## - Katalogisierungsquelle | |
| Original-Katalogisierungsstelle | DE-604 |
| Katalogisierungssprache | ger |
| Übertragungsstelle | RU-10907106 |
| 041 ## - Sprachcode | |
| Sprachcode des Textes/der Tonspur oder des separaten Titels | ger |
| 100 1# - Haupteintragung - Personenname | |
| Personenname | Vietzke, Siegfried |
| Funktionsbezeichnung | Verfasser |
| Funktionsbezeichnungscode | aut |
| Koha-Normdatenidentnummer | 3091 |
| 245 10 - Titel | |
| Titel | Deutschland zwischen Sozialismus und Imperialismus |
| Zusatz zum Titel | die Rolle Deutschlands in der Auseinandersetzung zwischen dem Weltimperialismus und der sozialistischen Sowjetunion (1917-1945) |
| 264 #1 - Produktion, Veröffentlichung, Distribution, Herstellung und Urheberrechtsvermerk | |
| Datum der Herstellung, der Veröffentlichung, des Vertriebs oder des Urheberschutzvermerks | 1967 |
| Herstellungs-, Veröffentlichungs- Vertriebs-, Erzeugungsort | Berlin |
| Produzent, Herausgeber, Distributor, Hersteller | Dietz Verl. |
| 300 ## - Physische Beschreibung | |
| Umfang | 259 Seiten |
| 336 ## - Inhaltstyp | |
| Inhaltstypterm | Text |
| Inhaltstypcode | txt |
| Quelle | rdacontent |
| 337 ## - Medientyp | |
| Bezeichnung des Medientyps | ohne Hilfsmittel zu benutzen |
| Medientypcode | n |
| Quelle | rdamedia |
| 338 ## - Datenträgertyp | |
| Datenträgertypbezeichnung | Band |
| Datenträgertypcode | nc |
| Quelle | rdacarrier |
| 648 ## - Nebeneintragung unter einem Schlagwort - Zeitschlagwort | |
| Zeitschlagwort | 1917-1945 |
| Koha-Normdatenidentnummer | 3092 |
| 650 #7 - Nebeneintragung unter einem Schlagwort - Sachschlagwort | |
| Quelle der Ansetzung oder des Terms | gnd |
| Sachschlagwort oder geografischer Name als Eintragungselement | Sozialismus |
| Koha-Normdatenidentnummer | 124 |
| 650 #7 - Nebeneintragung unter einem Schlagwort - Sachschlagwort | |
| Quelle der Ansetzung oder des Terms | gnd |
| Sachschlagwort oder geografischer Name als Eintragungselement | Imperialismus |
| 651 #7 - Nebeneintragung unter einem Schlagwort - Geografischer Name | |
| Quelle der Ansetzung oder des Terms | gnd |
| Geografischer Name | Sowjetunion |
| Koha-Normdatenidentnummer | 127 |
| 651 #7 - Nebeneintragung unter einem Schlagwort - Geografischer Name | |
| Quelle der Ansetzung oder des Terms | gnd |
| Geografischer Name | Deutschland |
| Koha-Normdatenidentnummer | 80 |
| 710 ## - Nebeneintragung - Körperschaftsname | |
| Funktionsbezeichnungscode | oth |
| Körperschafts- oder Gebietskörperschaftsname als Eintragungselement | Parteihochschule "Karl Marx" beim ZK der SED |
| Funktionsbezeichnung | Sonstige |
| Koha-Normdatenidentnummer | 3093 |
| 942 ## - Zusätzliche Felder (Koha) | |
| Klassifikation oder Aufstellungssystematik | Andere/Generische Klassifikation |
| Koha-Medientyp | Monographien |
| 980 4# - EQUIVALENCE OR CROSS-REFERENCE-SERIES STATEMENT--PERSONAL NAME/TITLE [LOCAL, CANADA] | |
| Personenname | (DE-12)AK23020717 |
| Ausgeschieden | Verloren | Klassifikation oder Aufstellungssystematik | Beschädigt | Nicht entleihbar | Heimatbibliothek | Aufenthaltsbibliothek | Aufstellungsort | Erwerbungsdatum | Inventarnummer | Signatur | Barcode | Letzte Aktivität | Preis gültig von | Koha-Medientyp |
|---|---|---|---|---|---|---|---|---|---|---|---|---|---|---|
| Andere/Generische Klassifikation | MWN Osteuropa | MWN Osteuropa | Lesesaal - 1 | 13/07/2021 | 21-01414 | D 51 eh Vie | E00401082D3715A5 | 13/07/2021 | 13/07/2021 | Monographien |